00641nam a22001937a 450000500170000000800410001702000300005804000240008804100120011208200180012424501080014226000340025030000190028465000410030370000340034470000320037870000270041085000100043720180811114211.0180811b xxu||||| |||| 00| 0 eng d a9789381682098c₹ 700.00 aLoreto Collegebeng aBengali a491.4403bCHA aBangiya loke sanskriti cEdited by Barun Kumar Chakraborty, Sumahan Bandyopadhyay and Koyel Chakraborty aKolkatabDey Book Storec2016 a647 p.b26 cm. aFolklore - Encyclopaedia in Bengali  4ed.aChakraborty, Barun Kumar 4ed.aBandyopadhyay, Sumahan 4ed.aChakraborty Koyel aLCLIB